USA Capitals by States. - Statistics

General Stats
  • This quiz has been taken 776 times
  • The average score is 35 of 50
Answer Stats
Hint Answer % Correct
California Sacramento
91%
Hawaii Honolulu
89%
Arizona Phoenix
89%
Colorado Denver
88%
Indiana Indianapolis
87%
Georgia Atlanta
86%
Alaska Juneau
86%
Florida Tallahassee
83%
Arkansas Little Rock
82%
Massachusetts Boston
81%
New York Albany
80%
Alabama Montgomery
80%
Texas Austin
78%
Oklahoma Oklahoma City
77%
Louisiana Baton Rouge
76%
Idaho Boise
75%
Delaware Dover
75%
Illinois Springfield
75%
Utah Salt Lake City
73%
Connecticut Hartford
72%
Iowa Des Moines
71%
Oregon Salem
71%
Montana Helena
70%
Mississippi Jackson
70%
New Mexico Santa Fe
70%
Kansas Topeka
69%
Maine Augusta
68%
Maryland Annapolis
67%
Nevada Carson City
67%
Kentucky Frankfort
67%
Nebraska Lincoln
67%
Minnesota St Paul
67%
Ohio Columbus
66%
Tennessee Nashville
66%
North Carolina Raleigh
66%
Michigan Lansing
65%
Washington Olympia
64%
Rhode Island Providence
64%
New Jersey Trenton
64%
North Dakota Bismarck
62%
Pennsylvania Harrisburg
62%
Virginia Richmond
59%
Missouri Jefferson City
58%
South Carolina Columbia
57%
South Dakota Pierre
57%
New Hampshire Concord
56%
Wyoming Cheyenne
54%
Vermont Montpellier
52%
Wisconsin Madison
51%
West Virginia Charleston
49%
No matching quizzes found
Score Distribution
Percent of People with Each Score
Percentile by Number Answered
Your Score History
You have not taken this quiz